10 historias sobre vivienda colectiva: análisis gráfico de diez obras esenciales
Guardat en:
| Autors principals: | , , |
|---|---|
| Format: | Llibre |
| Idioma: | espanyol |
| Publicat: |
Vitoria-Gasteiz
A y T Research Group
2013
|
| Matèries: | |
| Etiquetes: |
Afegir etiqueta
Sense etiquetes, Sigues el primer a etiquetar aquest registre!
|
MARC
| LEADER | 00000cam a2200000 a 4500 | ||
|---|---|---|---|
| 001 | UCF8015 | ||
| 003 | CL-VaPUC | ||
| 008 | 130718e20130000SP |||||||||||||||||spa|d | ||
| 020 | |a 9788461598830 | ||
| 082 | 0 | 4 | |a 728.312 |b FER |2 21 |
| 100 | 0 | |a Fernández Per, Aurora |e author |9 570085 | |
| 700 | 0 | |a Mozas, Javier |e author |9 570086 | |
| 700 | 0 | |a Ollero, Alex S |e author |9 570087 | |
| 245 | 1 | 0 | |a 10 historias sobre vivienda colectiva: análisis gráfico de diez obras esenciales |
| 300 | |a 495 p | ||
| 942 | |c BK | ||
| 945 | |d 20130718 00:00:00 |a dcastane | ||
| 260 | |a Vitoria-Gasteiz |b A y T Research Group |c 2013 | ||
| 650 | 0 | |a Planificación urbana |9 258176 | |
| 650 | 0 | |a Viviendas colectivas |9 410881 | |
| 650 | 7 | |a DESARROLLO URBANO |2 CL-VaPUC |9 570088 | |
| 650 | 0 | |a Urbanización |9 265706 | |
| 583 | |a last modification |c 20130718 10:54:00 |k Rodrigo Vera | ||
| 999 | |c 352701 |d 352699 | ||
| 952 | |0 0 |1 0 |4 0 |6 728_312000000000000_FER_2013 |7 0 |8 A |9 457308 |a BIBARQ |b BIBARQ |d 2019-11-22 |i 4989961 |l 1 |m 2 |o 728.312 FER 2013 |p 4989961 |r 2025-04-03 |s 2025-03-19 |w 2019-11-22 |y BK |k ARQ | ||